000
00184nam a2200073Ia 4500
008
170524s9999 xx 000 0 und d
100
_a
LOUDON
245
0
_a
MANAGEMENT INFORMATION SYSTEMS
260
_b
HIMALYA PUB. HOUSE
999
_c
8040
_d
8040